000
00315nam a22001337a 4500
008
170503b xxu||||| |||| 00| 0 eng d
020
_a
9780073402062
041
_a
eng
080
_a
341
100
_a
13
101
_a
SHJ
245
_a
INTERNATIONAL LAW AND THE USE OF FORCE
_c
EHRLICH.TH
942
_2
udc
_c
BK
999
_c
12575
_d
12575